| 000 | 01030nam a2200277 a 4500 | ||
|---|---|---|---|
| 001 | 613474 | ||
| 003 | ARRUPE | ||
| 005 | 20170209102046.0 | ||
| 008 | 920316s1988 et ab 000 0 eng | ||
| 010 | _a 91982498 | ||
| 020 | _a9158670971 | ||
| 040 |
_aDLC _cDLC |
||
| 043 | _af-et--- | ||
| 050 | 0 | 0 | _aHN789.Z9C623 1988 |
| 100 | 1 |
_aBäcklander, Cecilia. _928706 |
|
| 245 | 1 | 0 |
_a20 years of development : CADU/ARDU/SEAD in Ethiopia / _cby Cecilia Bäcklander. |
| 260 |
_aAddis Ababa : _bSwedish International Development Authority, Development Cooperation Office, _cc1988. |
||
| 300 |
_a56 p. : _bill., maps ; _c25 cm. |
||
| 610 | 2 | 0 |
_aChilalo Agricultural Development Unit. _928707 |
| 650 | 0 |
_aRural development projects _zEthiopia _xCase studies. _928708 |
|
| 710 | 1 |
_aSweden. _bStyrelsen för internationell utveckling. _928709 |
|
| 740 | 0 | _aTwenty years of development. | |
| 906 |
_a7 _bcbc _corignew _d3 _encip _f19 _gy-gencatlg |
||
| 942 |
_2lcc _cMONOGRAPH |
||
| 999 |
_c126079 _d126079 |
||